banner koha

Pré-resfriamento de maçã (Malus domestica Borkh.), cv. Fuji, em função da temperatura e velocidade do ar (Registro n. 178847)

MARC details
000 -LÍDER
campo de controle de tamanho fixo 00916nas a2200301 4500
001 - NÚMERO DE CONTROLE
campo de controle BR0402545
003 - IDENTIFICADOR DO NÚMERO DE CONTROLE
campo de controle BR-BrBNA
005 - DATA E HORÁRIO DA ÚLTIMA TRANSAÇÃO
campo de controle 20231205104603.0
007 - CAMPO FIXO DE DESCRIÇÃO FÍSICA--INFORMAÇÃO GERAL
campo de controle de tamanho fixo ta
008 - CAMPO DE DADOS FIXOS--INFORMAÇÃO GERAL
campo de controle de tamanho fixo 230509b bl.|||p| |||| 00| 00por d
040 ## - FONTE DA CATALOGAÇÃO
Instituição da catalogação original BR-BrBNA
Idioma da catalogação por
Instituição que transcreveu o registro Biblioteca Nacional de Agricultura
041 ## - CÓDIGO DE IDIOMA
Código do idioma do texto/trilha sonora ou título diferente (Pt)
072 ## - CÓDIGO DE CATEGORIA DE ASSUNTO
Código de Categoria de Assunto J11
100 1# - ENTRADA PRINCIPAL--NOME PESSOAL
Nome pessoal Louzada, M.I. de F.
100 1# - ENTRADA PRINCIPAL--NOME PESSOAL
Nome pessoal Sestari, I.
100 1# - ENTRADA PRINCIPAL--NOME PESSOAL
Nome pessoal Heldwein, A.B.
100 1# - ENTRADA PRINCIPAL--NOME PESSOAL
Nome pessoal Brackmann, A.
245 1# - TÍTULO
Título Pré-resfriamento de maçã (Malus domestica Borkh.), cv. Fuji, em função da temperatura e velocidade do ar
650 ## - ASSUNTO--TERMO TÓPICO
Cabeçalho tópico ou nome geográfico MAÇÃ
650 ## - ASSUNTO--TERMO TÓPICO
Cabeçalho tópico ou nome geográfico TEMPERATURA
650 ## - ASSUNTO--TERMO TÓPICO
Cabeçalho tópico ou nome geográfico RESFRIAMENTO
650 ## - ASSUNTO--TERMO TÓPICO
Cabeçalho tópico ou nome geográfico VELOCIDADE
650 ## - ASSUNTO--TERMO TÓPICO
Cabeçalho tópico ou nome geográfico AR
650 ## - ASSUNTO--TERMO TÓPICO
Cabeçalho tópico ou nome geográfico ARMAZENAMENTO DE ALIMENTO
773 0# - ENTRADA ANALÍTICA
Título Revista Brasileira de Fruticultura (Brazil)
ISSN - International Standard Serial Number ISSN 0100-2945
Partes relacionadas (Dec 2003), v. 25(3) p. 555-556
Número de controle do registro BR0402545
909 ## -
-- 202311
-- Lúcia
-- 55
-- Lúcia Elande
942 ## - ELEMENTOS DE ENTRADA ADICIONADOS (KOHA)
Fonte da classificação ou esquema de arquivamento na estante Classificação AGRIS
Ocultar no OPAC Não
Tipo de material Koha Analítica
Exemplares
Situação do descarte Fonte da classificação ou esquema de arquivamento na estante Situação física Não pode ser emprestado Biblioteca de origem Biblioteca atual Localização na estante Enumeração do periódico / cronologia Total de empréstimos Data de último acesso Número do exemplar Tipo de material Koha Fonte de aquisição
  Classificação AGRIS   Consulta local Biblioteca Nacional de Agricultura - Binagri Biblioteca Nacional de Agricultura - Binagri   (Dec 2003), v. 25(3) p. 555-556   29/11/2023 01 Periódicos Portaria Interministerial nº 164/94

BINAGRI

Telefone: (61)3218-2567/2388/3357/2097 - binagri@agro.gov.br

Ministério da Agricultura e Pecuária , Esplanada dos Ministérios, Bloco D, Anexo B, Brasília/DF, CEP: 70.043-900